The Holy Land in Colour /

Guardado en:
Detalles Bibliográficos
Autor principal: Awwad, Sami (autor)
Formato: Libro
Idioma:Inglés
Temas:
Etiquetas: Agrega una etiqueta
Sin etiquetas, Sé el primero en etiquetar este registro!

MARC

LEADER 00000nam^a2200000^a^4500
001 000301598
005 20250912000000.0
009 20260310112548.353
025 |a Donación Robles Martínez, 1 ejemplar 
037 |a Acervo ITESO - Biblioteca 
041 |a ING 
082 |a 915. 694  |b AWW 
100 |a Awwad, Sami  |e (autor) 
245 1 4 |a The Holy Land in Colour /  |c S. Awwad. 
264 |a Jerusalén, Israel :  |b Palphot,  |c copyright fecha no identificada 
300 |a 109 p. 
336 |a texto  |b txt  |2 rdacontenido 
337 |a sin mediación  |b n  |2 rdamedio 
338 |a volumen  |b nc  |2 rdasoporte 
585 |a Biblio recomienda 2025-08 / Palestina 
649 |a XX 
650 |a Jerusalén, Israel -  |x Descripción 
650 |a Palestina -  |x Descripción 
650 |a Palestina -  |x Historia 
650 |a Israel -  |x Historia 
910 |a Fondo Robles Martínez 
920 |a Impresos - Libros 
930 |a Fondos Especiales 
905 |a 123 
901 |a 0500187740  |b IT2  |c ESP  |i D  |u 20250521 
902 |a https://opac.biblio.iteso.mx/vufind/Record/000301598